| 000 | 00436nam a22001577a 4500 | ||
|---|---|---|---|
| 003 | MPLRDC | ||
| 005 | 20220104114656.0 | ||
| 008 | 210129b ||||| |||| 00| 0 eng d | ||
| 082 | _a296.5 JMWW c.2 | ||
| 100 | _a将门文物出版有限公司编辑部 | ||
| 245 |
_a白话神奇推背图 _c |
||
| 260 |
_a _b将门文物出版有限公司 _c1990 |
||
| 300 | _b平 | ||
| 650 | _a通灵术; 心灵术--预言 | ||
| 942 |
_cBK _o296.5 JMWW c.2 |
||
| 999 |
_c9346 _d9336 |
||